<?xml version="1.0" encoding="UTF-8"?>
<record
    xmlns:xsi="http://www.w3.org/2001/XMLSchema-instance"
    xsi:schemaLocation="http://www.loc.gov/MARC21/slim http://www.loc.gov/standards/marcxml/schema/MARC21slim.xsd"
    xmlns="http://www.loc.gov/MARC21/slim">

  <leader>00382nam a22001217a 4500</leader>
  <datafield tag="999" ind1=" " ind2=" ">
    <subfield code="c">1322</subfield>
    <subfield code="d">1322</subfield>
  </datafield>
  <controlfield tag="005">20200828120850.0</controlfield>
  <controlfield tag="008">200828b           ||||| |||| 00| 0 eng d</controlfield>
  <datafield tag="020" ind1=" " ind2=" ">
    <subfield code="a">0091727618</subfield>
  </datafield>
  <datafield tag="040" ind1=" " ind2=" ">
    <subfield code="c">CML</subfield>
  </datafield>
  <datafield tag="245" ind1=" " ind2=" ">
    <subfield code="a">Problem-Solving in Science and Technology: Teacher's Manual.</subfield>
    <subfield code="c">Rownland, D.</subfield>
  </datafield>
  <datafield tag="260" ind1=" " ind2=" ">
    <subfield code="a">London</subfield>
    <subfield code="b">Hutchinson</subfield>
    <subfield code="c">1987</subfield>
  </datafield>
  <datafield tag="942" ind1=" " ind2=" ">
    <subfield code="2">ddc</subfield>
    <subfield code="c">BK</subfield>
    <subfield code="e">1st Edition</subfield>
    <subfield code="h">500</subfield>
    <subfield code="m">ROW</subfield>
  </datafield>
</record>
